Statistics for Countries By 3 Clues #3

Click here to take the quiz!

General Stats

  • This quiz has been taken 37 times
  • The average score is 11 of 15

Answer Stats

3 CluesCountries% Correct
Ice Hockey, Prince Edward Island, BeaverCanada
97%
Saddam Hussein, Babylon, BasraIraq
94%
Jeddah, Riyadh, MeccaSaudi Arabia
94%
Inca Empire, Cuzco, QuechuaPeru
92%
John Paul II, Złoty, PierogiPoland
92%
Strait of Gibraltar, Western Sahara, CouscousMorocco
89%
Black Sea, Crimea, OdessaUkraine
83%
Borneo, Petronas Towers, RinggitMalaysia
78%
Pyramid, Khartoum, Red SeaSudan
78%
Las Malvinas, Che Guevara, GauchoArgentina
72%
Dari, Pashtuns, KandaharAfghanistan
69%
Portuguese, Eusébio, MaputoMozambique
58%
Doubly Landlocked, Samarkand, TimurUzbekistan
50%
Oran, Dinar, DZAlgeria
47%
Cabinda, Portuguese, OilAngola
47%

Score Distribution

Percentile by Number Answered

Percent of People with Each Score

Your Score History

You have not taken this quiz